| 000 | 00568nam a22001817a 4500 | ||
|---|---|---|---|
| 008 | 260324b |||||||| |||| 00| 0 eng d | ||
| 020 | _a9781482243871 | ||
| 050 | _aR 853 .57 I53 2017 | ||
| 100 | _aIndrayan,Abhaya. | ||
| 245 |
_aConcise encyclopedia of biostatistics for medical professionals/ _cAbhaya Indrayan. |
||
| 260 |
_aUSA: _bCRC press, _cc2017. |
||
| 300 |
_axlv,682p.: _bill.; _c27cm |
||
| 650 | _aMedicine, | ||
| 650 | _aResearch, | ||
| 650 | _aStastical method. | ||
| 700 | _aHolt,Martin. | ||
| 942 |
_2lcc _cBOOKS _hR 853 .57 I53 2017 |
||
| 999 |
_c32386 _d32386 |
||